000 00575nam a2200193 i 4500
001 182303
003 ES-MaACL
005 20250801063048.0
008 130731s1987 sp | |||| ||spa d
020 _a84-398-9516-X
080 _a821.134.2-32"19"
100 1 _aPedro Alfaro, María de
_989918
245 1 0 _aHistorias para hacer películas /
_cMaría de Pedro Alfaro.
260 _a[Madrid (Orense, 29)] :
_bM. Pedro,
_c[1987]
300 _a40 p. ;
_c16 cm.
594 _aTít. tomado de la cub.
852 _aES-MaACL
_j2317-F-5
999 _c182303
_d182303